000 00871nam a22003137a 4500
003 CHAP
005 20220329133011.0
008 971013s1986 r 00010 d
010 _a1122
011 _a2094
035 _a1285
040 _cCHAP
082 _a630.24
_bY3Y
100 0 0 _aYagodin, B. A.
_9122942
245 _aAgroquímica
260 _aMoscú :
_bMir,
_c1986
300 _a416 p.
500 _a40-115
590 _aBATCH-UPD
_b10
_c20130110
_lUCH01
_h2052
590 _aBATCH-UPD
_b10
_c20130410
_lUCH01
_h1405
590 _aBATCH-UPD
_b10
_c20130914
_lUCH01
_h1911
590 _aCONVERSION
_b10
_c20130109
_lUCH01
_h1302
650 1 4 _aQuímica agrícola.
_993576
700 0 _aPeterburgski, A.
_987583
700 0 _aSmirnov, P.
_9106936
901 _aBK
942 _cLIBRO
949 _a630.24 Y3Y
_bBC
_cLIBRO
_d33724002204892
_eLIBRO
_h78135
_i1285
_si
_t8.50
999 _c1122
_d1122